000 01081cam a22002774i 4500
001 19279018
005 20231017095700.0
008 160919s2017 nyua b 000 0 eng
010 _a 2016034533
020 _a9780190931841
040 _aDLC
_beng
_cDLC
_erda
_dDLC
042 _apcc
050 0 0 _aGF 71 .M46 2017
082 0 0 _a304.2/5
_223
100 1 _aMcMichael, A. J.
_q(Anthony J.),
_eauthor.
245 1 0 _aClimate change and the health of nations :
_bfamines, fevers, and the fate of populations /
_cAnthony J. McMichael with Alistair Woodward and Cameron Muir.
300 _axx, 370 pages :
_billustrations ;
_c24 cm
504 _aIncludes bibliographical references.
650 0 _aHuman beings
_xEffect of climate on.
650 0 _aClimatic changes
_xHealth aspects.
700 1 _aWoodward, Alistair,
_eauthor.
700 1 _aMuir, Cameron.
906 _a7
_bcbc
_corignew
_d1
_eecip
_f20
_gy-gencatlg
942 _2lcc
_cBOOKS
_hGF 71 .M46 2017
999 _c31882
_d31882